书目信息 |
| 题名: |
领导
|
|
| 作者: | 克劳士比 , 克罗斯比 著 ;赵国勇 , 孙新房 , 田凤辉 译 | |
| 分册: | ||
| 出版信息: | 北京 经济科学出版社 2006 |
|
| 页数: | 272页 | |
| 开本: | 24cm | |
| 丛书名: | 克劳士比经典译丛 | |
| 单 册: | ||
| 中图分类: | F272.91 | |
| 科图分类: | ||
| 主题词: | 企业领导学--qi ye ling dao xue | |
| 电子资源: | ||
| ISBN: | 7-5058-5382-1 | |
| 000 | 01587cam 2200337 450 | |
| 001 | CAL 012006043855 | |
| 005 | 20061123105018.31 | |
| 010 | @a7-5058-5382-1@dCNY 48.00 | |
| 099 | @aCAL 012006043855 | |
| 100 | @a20060524d2006 em y0chiy50 ea | |
| 101 | 1 | @achi@ceng |
| 102 | @aCN@b110000 | |
| 200 | 1 | @a领导@Aling dao@e成为一名执行官的艺术@f(美)克劳士比著@F(mei)ke lao shi bi zhu@d= Leading@ethe art of becoming an executive@fPhilip B. Crosby@g田凤辉, 赵国勇, 孙新房译@zeng |
| 210 | @a北京@c经济科学出版社@d2006 | |
| 215 | @a272页@d24cm | |
| 225 | 2 | @a克劳士比经典译丛@Ake lao shi bi jing dian yi cong |
| 305 | @a据McGraw-Hill Companies, Inc.1990年英文版译出。 | |
| 314 | @a责任者Crosby规范汉译姓:克罗斯比 | |
| 320 | @a有索引。 | |
| 330 | @a本书列出了有抱负的经理人所必须精通的三个领域——关系、质量及财务,并以一种简单、生动的阐述方式告诉读者如何才能在这三个领域中不断取得进步。全书通过分析五个备受赏识并可能获得领导职位,并具有不同背景、才能及弱点的经理人的问题及处境,为读者提供了大量有关领导才能方面的新颖、合理的建议。读者掌握了这些执行官所必需的理念、技巧和手段后,就具备了加入这种决策精英行列的条件。 | |
| 410 | 0 | @12001 @a克劳士比经典译丛 |
| 500 | 10 | @aLeading : the art of becoming an executive@mchi |
| 606 | 0 | @a企业领导学@Aqi ye ling dao xue |
| 690 | @aF272.91@v4 | |
| 701 | 0 | @a克劳士比@Ake lao shi bi@4著 |
| 701 | 1 | @a克罗斯比@Ake luo si bi@g(Crosby, Philip B.)@4著 |
| 702 | 0 | @a赵国勇@Azhao guo yong@4译 |
| 702 | 0 | @a孙新房@Asun xin fang@4译 |
| 702 | 0 | @a田凤辉@Atian feng hui@4译 |
| 801 | @aCN@c20061123 | |
| 905 | @apdsgxy@dF272.91@eK636 | |
| 领导:成为一名执行官的艺术/(美)克劳士比著= Leading:the art of becoming an executive/Philip B. Crosby/田凤辉, 赵国勇, 孙新房译.-北京:经济科学出版社,2006 |
| 272页;24cm.-(克劳士比经典译丛) |
| ISBN 7-5058-5382-1:CNY 48.00 |
| 本书列出了有抱负的经理人所必须精通的三个领域——关系、质量及财务,并以一种简单、生动的阐述方式告诉读者如何才能在这三个领域中不断取得进步。全书通过分析五个备受赏识并可能获得领导职位,并具有不同背景、才能及弱点的经理人的问题及处境,为读者提供了大量有关领导才能方面的新颖、合理的建议。读者掌握了这些执行官所必需的理念、技巧和手段后,就具备了加入这种决策精英行列的条件。 |
| ● |
| 相关链接 |
|
|
|
正题名:领导
索取号:F272.91/K636
 
预约/预借
| 序号 | 登录号 | 条形码 | 馆藏地/架位号 | 状态 | 备注 |
| 1 | 614408 | 206144082 | 社科库409/409社科库 89排1列5层/ [索取号:F272.91/K636] | 在馆 | |
| 2 | 614409 | 206144091 | 社科库409/409社科库 89排1列5层/ [索取号:F272.91/K636] | 在馆 |